| 000 | 00774cam a2200265 i 4500 | ||
|---|---|---|---|
| 001 | 200461999 | ||
| 003 | TR-AnTOB | ||
| 005 | 20240723161126.0 | ||
| 007 | ta | ||
| 008 | 871109s1976 tu b 000 0 tur d | ||
| 040 |
_aEYM _beng _erda _cEYM _dBGZ _dTR-AnTOB |
||
| 041 | 0 | _atur | |
| 050 | 4 |
_aDR589 _b.T87534 1976 |
|
| 090 |
_aDR589 _b.T87534 1976 |
||
| 245 | 0 | 0 | _aTürk devrimi ve kurtuluş savaşı / |
| 264 | 1 |
_aAnkara : _bGenelkurmay Harp Tarihi Başkanlığı, _c1976. |
|
| 300 |
_a58 pages ; _c20 cm |
||
| 336 |
_atext _btxt _2rdacontent |
||
| 337 |
_aunmediated _bn _2rdamedia |
||
| 338 |
_avolume _bnc _2rdacarrier |
||
| 504 | _aBIB | ||
| 651 | 7 |
_aTürkiye _xTarih _yKurtuluş Savaşı, 1918-1923 _2etuturkob _910811 |
|
| 942 |
_2lcc _cBK |
||
| 999 |
_c200461999 _d80211 |
||